000 00578nam a2200169Ia 4500
008 090711s9999 xx 000 0 und d
082 _b1930
100 _aपिंगे रवीन्द्र
245 _aजिवलग सारे
260 _bज्ञानदा पब्लिकेशन्स प्रा. लि.
_c2000
300 _a147
600 _aपिंगे रवीन्द्र
630 _aजिवलग सारे
700 _aपिंगे रवीन्द्र
730 _aजिवलग सारे
942 _cBOOK
999 _c336952
_d336952